| 000 | 00588nam a22001937a 4500 | ||
|---|---|---|---|
| 999 |
_c195314 _d195314 |
||
| 005 | 20230317115316.0 | ||
| 010 | _aENG-136464 | ||
| 020 |
_a8188795119 _c200.00 |
||
| 035 | _aEN-119996 | ||
| 037 | _bDBAD/PUB | ||
| 082 | _a158.1 | ||
| 100 | _aNidhi, Sadhvi | ||
| 245 |
_aLife's Quest / _cBy Sadhvi Nidhi and Sadhvi Kripa |
||
| 250 | _aFirst | ||
| 260 |
_bMaitri Charitable Foundation _aNew Delhi _c2009 |
||
| 270 |
_aB117 Okhla, Industrial Area, Phase 1 _bNew Delhi _e110021 _k9313093444 _k01294083444 |
||
| 300 |
_a171p. _c21cm(hbk) |
||
| 942 |
_2ddc _cEN _h158.1 _mSAD |
||